000 00999nmm a2200277 a 4500
001 ocm000668141
003 TR-IsHL
005 20201028124924.0
008 110704s2009 tu tur
007 cr cn
035 _a668141
_b(N$T)
050 0 4 _aPK6480.T9
_bM47 2009
090 0 4 _aPK6480.T9
_bM47 2009
100 1 _aMevlana Celaleddin Rumi
245 1 0 _aMesnevi'den seçme hikayeler
_h[electronic resource] /
_cMevlana Celaleddin Rumi ; ed. Erdal Çakıcıoğlu
250 _a1. bs.
260 _aİstanbul :
_bAkvaryum Yayınları,
_c2009
300 _a320 p.
650 4 _aDil ve Edebiyat
650 4 _aLanguage and Literature
650 0 _aMevlana Celaleddin Rumi, 1207-1273
_x Özlü sözler
_x Hikayeler
650 0 _aJalal al-Din Rumi, Maulana, 1207-1273
_x Beautiful words
_x Stories
650 7 _aRELIGION / Philosophy
_2bisacsh
700 1 _aÇakıcıoğlu, Erdal
856 4 0 _uhttp://search.ebscohost.com/login.aspx?direct=true&scope=site&db=e011xww&AN=668141
999 _c3207
_d3207